Punto aleatorio de tierra a país - Estadísticas

Estadísticas generales
  • Esta prueba ha sido intentada 213 veces
  • La puntuación promedio es 15 de 20
Respuestas en el mapa
Las respuestas están codificadas por una escala verde-roja en el mapa de la prueba según el % correcto abajo.
 
Estadísticas de respuestas
país % Correcto
Alemania
100%
Alemania
100%
Angola
100%
Angola
100%
Arabia Saudita
100%
Arabia Saudita
100%
Arabia Saudita
100%
Arabia Saudita
100%
Argelia
100%
Argelia
100%
Argelia
100%
Argelia
100%
Argelia
100%
Argelia
100%
Argelia
100%
Argelia
100%
Argelia
100%
Argentina
100%
Argentina
100%
Argentina
100%
Argentina
100%
Argentina
100%
Argentina
100%
Argentina
100%
Argentina
100%
Argentina
100%
Argentina
100%
Argentina
100%
Argentina
100%
Argentina
100%
Argentina
100%
Argentina
100%
Argentina
100%
Armenia
100%
Australia
100%
Australia
100%
Australia
100%
Australia
100%
Australia
100%
Australia
100%
Australia
100%
Australia
100%
Australia
100%
Australia
100%
Australia
100%
Australia
100%
Australia
100%
Australia
100%
Australia
100%
Australia
100%
Australia
100%
Australia
100%
Australia
100%
Australia
100%
Australia
100%
Bielorrusia
100%
Bolivia
100%
Bolivia
100%
Bolivia
100%
Bolivia
100%
Botsuana
100%
Botsuana
100%
Brasil
100%
Brasil
100%
Brasil
100%
Brasil
100%
Brasil
100%
Brasil
100%
Brasil
100%
Brasil
100%
Brasil
100%
Brasil
100%
Brasil
100%
Brasil
100%
Brasil
100%
Brasil
100%
Brasil
100%
Cabo Verde
100%
Camerún
100%
Canadá
100%
Canadá
100%
Canadá
100%
Canadá
100%
Canadá
100%
Canadá
100%
Canadá
100%
Canadá
100%
Canadá
100%
Canadá
100%
Canadá
100%
Canadá
100%
Canadá
100%
Canadá
100%
Canadá
100%
Canadá
100%
Canadá
100%
Canadá
100%
Canadá
100%
Canadá
100%
Canadá
100%
Canadá
100%
Canadá
100%
Canadá
100%
Canadá
100%
Canadá
100%
Canadá
100%
Canadá
100%
Canadá
100%
Canadá
100%
Canadá
100%
Canadá
100%
Canadá
100%
Canadá
100%
Canadá
100%
Canadá
100%
Canadá
100%
Canadá
100%
Canadá
100%
Canadá
100%
Canadá
100%
Canadá
100%
Canadá
100%
Canadá
100%
Canadá
100%
Canadá
100%
Canadá
100%
Canadá
100%
Canadá
100%
Canadá
100%
Canadá
100%
Chad
100%
Chad
100%
Chile
100%
Chile
100%
Chile
100%
Chile
100%
Chile
100%
Chile
100%
Chile
100%
China
100%
China
100%
China
100%
China
100%
China
100%
China
100%
China
100%
China
100%
China
100%
China
100%
China
100%
China
100%
China
100%
China
100%
China
100%
China
100%
China
100%
China
100%
China
100%
China
100%
China
100%
China
100%
Colombia
100%
Colombia
100%
Colombia
100%
Colombia
100%
Colombia
100%
Colombia
100%
Dinamarca
100%
Dinamarca
100%
Dinamarca
100%
Dinamarca
100%
Dinamarca
100%
Dinamarca
100%
Dinamarca
100%
Dinamarca
100%
Egipto
100%
Egipto
100%
Emiratos Árabes Unidos
100%
España
100%
España
100%
España
100%
Estados Unidos
100%
Estados Unidos
100%
Estados Unidos
100%
Estados Unidos
100%
Estados Unidos
100%
Estados Unidos
100%
Estados Unidos
100%
Estados Unidos
100%
Estados Unidos
100%
Estados Unidos
100%
Estados Unidos
100%
Estados Unidos
100%
Estados Unidos
100%
Estados Unidos
100%
Estados Unidos
100%
Estados Unidos
100%
Estados Unidos
100%
Estados Unidos
100%
Estados Unidos
100%
Estados Unidos
100%
Estados Unidos
100%
Estados Unidos
100%
Estados Unidos
100%
Estados Unidos
100%
Estados Unidos
100%
Estados Unidos
100%
Estados Unidos
100%
Estados Unidos
100%
Estados Unidos
100%
Estados Unidos
100%
Estados Unidos
100%
Estados Unidos
100%
Estados Unidos
100%
Estados Unidos
100%
Estados Unidos
100%
Estados Unidos
100%
Estados Unidos
100%
Estados Unidos
100%
Etiopía
100%
Filipinas
100%
Filipinas
100%
Finlandia
100%
Finlandia
100%
Finlandia
100%
Finlandia
100%
Finlandia
100%
Ghana
100%
Ghana
100%
Grecia
100%
Grecia
100%
India
100%
India
100%
India
100%
India
100%
India
100%
Indonesia
100%
Indonesia
100%
Indonesia
100%
Indonesia
100%
Indonesia
100%
Indonesia
100%
Indonesia
100%
Irak
100%
Irán
100%
Irán
100%
Islas Salomón
100%
Italia
100%
Italia
100%
Japón
100%
Jordania
100%
Kazajistán
100%
Kazajistán
100%
Kazajistán
100%
Kazajistán
100%
Kazajistán
100%
Kazajistán
100%
Letonia
100%
Libia
100%
Libia
100%
Libia
100%
Libia
100%
Libia
100%
Libia
100%
Lituania
100%
Madagascar
100%
Madagascar
100%
Malasia
100%
Maldivas
100%
Malí
100%
Marruecos
100%
Marruecos
100%
Marruecos
100%
Marruecos
100%
Marruecos
100%
Mauritania
100%
Mauritania
100%
Mauritania
100%
Mauritania
100%
México
100%
México
100%
Mongolia
100%
Mongolia
100%
Mongolia
100%
Myanmar
100%
Myanmar
100%
Namibia
100%
Namibia
100%
Namibia
100%
Nicaragua
100%
Níger
100%
Níger
100%
Níger
100%
Noruega
100%
Noruega
100%
Noruega
100%
Nueva Zelanda
100%
Pakistán
100%
Panamá
100%
Perú
100%
Perú
100%
Perú
100%
Perú
100%
Perú
100%
Perú
100%
Portugal
100%
Portugal
100%
Reino Unido
100%
República Centroafricana
100%
República del Congo
100%
República del Congo
100%
República Democrática del Congo
100%
República Democrática del Congo
100%
Rumania
100%
Rusia
100%
Rusia
100%
Rusia
100%
Rusia
100%
Rusia
100%
Rusia
100%
Rusia
100%
Rusia
100%
Rusia
100%
Rusia
100%
Rusia
100%
Rusia
100%
Rusia
100%
Rusia
100%
Rusia
100%
Rusia
100%
Rusia
100%
Rusia
100%
Rusia
100%
Rusia
100%
Rusia
100%
Rusia
100%
Rusia
100%
Rusia
100%
Rusia
100%
Rusia
100%
Rusia
100%
Rusia
100%
Rusia
100%
Rusia
100%
Rusia
100%
Rusia
100%
Rusia
100%
Rusia
100%
Rusia
100%
Rusia
100%
Rusia
100%
Rusia
100%
Rusia
100%
Rusia
100%
Rusia
100%
Rusia
100%
Rusia
100%
Rusia
100%
Rusia
100%
Rusia
100%
Rusia
100%
Rusia
100%
Rusia
100%
Rusia
100%
Rusia
100%
Rusia
100%
Rusia
100%
Rusia
100%
Rusia
100%
Rusia
100%
Rusia
100%
Rusia
100%
Rusia
100%
Rusia
100%
Rusia
100%
Rusia
100%
Rusia
100%
Rusia
100%
Rusia
100%
Rusia
100%
Rusia
100%
Rusia
100%
Rusia
100%
Rusia
100%
Rusia
100%
Rusia
100%
Rusia
100%
Rusia
100%
Rusia
100%
Rusia
100%
Rusia
100%
Rusia
100%
Rusia
100%
Rusia
100%
Samoa
100%
San Cristóbal y Nieves
100%
Senegal
100%
Serbia
100%
Somalia
100%
Sri Lanka
100%
Sri Lanka
100%
Sudáfrica
100%
Sudáfrica
100%
Sudáfrica
100%
Sudáfrica
100%
Sudán
100%
Sudán del Sur
100%
Sudán del Sur
100%
Suecia
100%
Suecia
100%
Suecia
100%
Suecia
100%
Tailandia
100%
Tayikistán
100%
Turkmenistán
100%
Turquía
100%
Turquía
100%
Turquía
100%
Ucrania
100%
Ucrania
100%
Uruguay
100%
Uzbekistán
100%
Uzbekistán
100%
Venezuela
100%
Venezuela
100%
Venezuela
100%
Vietnam
100%
Yemen
100%
Yemen
100%
Zambia
100%
Arabia Saudita
67%
Australia
50%
Australia
50%
Botsuana
50%
Canadá
50%
Chad
50%
Chile
50%
Egipto
50%
Estados Unidos
50%
Georgia
50%
Guinea Ecuatorial
50%
Madagascar
50%
México
50%
Mozambique
50%
Rusia
50%
Rusia
50%
Rusia
50%
Rusia
50%
Rusia
50%
Zambia
50%
Turquía
33%
Afganistán
0%
Afganistán
0%
Afganistán
0%
Afganistán
0%
Afganistán
0%
Afganistán
0%
Afganistán
0%
Afganistán
0%
Afganistán
0%
Afganistán
0%
Afganistán
0%
Afganistán
0%
Afganistán
0%
Albania
0%
Albania
0%
Alemania
0%
Alemania
0%
Alemania
0%
Alemania
0%
Alemania
0%
Alemania
0%
Alemania
0%
Andorra
0%
Angola
0%
Angola
0%
Angola
0%
Angola
0%
Angola
0%
Angola
0%
Angola
0%
Angola
0%
Angola
0%
Angola
0%
Angola
0%
Angola
0%
Angola
0%
Angola
0%
Angola
0%
Angola
0%
Angola
0%
Angola
0%
Angola
0%
Antigua y Barbuda
0%
Antigua y Barbuda
0%
Arabia Saudita
0%
Arabia Saudita
0%
Arabia Saudita
0%
Arabia Saudita
0%
Arabia Saudita
0%
Arabia Saudita
0%
Arabia Saudita
0%
Arabia Saudita
0%
Arabia Saudita
0%
Arabia Saudita
0%
Arabia Saudita
0%
Arabia Saudita
0%
Arabia Saudita
0%
Arabia Saudita
0%
Arabia Saudita
0%
Arabia Saudita
0%
Arabia Saudita
0%
Arabia Saudita
0%
Arabia Saudita
0%
Arabia Saudita
0%
Arabia Saudita
0%
Arabia Saudita
0%
Arabia Saudita
0%
Arabia Saudita
0%
Arabia Saudita
0%
Arabia Saudita
0%
Arabia Saudita
0%
Arabia Saudita
0%
Arabia Saudita
0%
Argelia
0%
Argelia
0%
Argelia
0%
Argelia
0%
Argelia
0%
Argelia
0%
Argelia
0%
Argelia
0%
Argelia
0%
Argelia
0%
Argelia
0%
Argelia
0%
Argelia
0%
Argelia
0%
Argelia
0%
Argelia
0%
Argelia
0%
Argelia
0%
Argelia
0%
Argelia
0%
Argelia
0%
Argelia
0%
Argelia
0%
Argelia
0%
Argelia
0%
Argelia
0%
Argelia
0%
Argelia
0%
Argelia
0%
Argelia
0%
Argelia
0%
Argelia
0%
Argentina
0%
Argentina
0%
Argentina
0%
Argentina
0%
Argentina
0%
Argentina
0%
Argentina
0%
Argentina
0%
Argentina
0%
Argentina
0%
Argentina
0%
Argentina
0%
Argentina
0%
Argentina
0%
Argentina
0%
Argentina
0%
Argentina
0%
Argentina
0%
Argentina
0%
Argentina
0%
Argentina
0%
Argentina
0%
Argentina
0%
Argentina
0%
Argentina
0%
Argentina
0%
Argentina
0%
Argentina
0%
Argentina
0%
Argentina
0%
Argentina
0%
Argentina
0%
Argentina
0%
Argentina
0%
Argentina
0%
Armenia
0%
Australia
0%
Australia
0%
Australia
0%
Australia
0%
Australia
0%
Australia
0%
Australia
0%
Australia
0%
Australia
0%
Australia
0%
Australia
0%
Australia
0%
Australia
0%
Australia
0%
Australia
0%
Australia
0%
Australia
0%
Australia
0%
Australia
0%
Australia
0%
Australia
0%
Australia
0%
Australia
0%
Australia
0%
Australia
0%
Australia
0%
Australia
0%
Australia
0%
Australia
0%
Australia
0%
Australia
0%
Australia
0%
Australia
0%
Australia
0%
Australia
0%
Australia
0%
Australia
0%
Australia
0%
Australia
0%
Australia
0%
Australia
0%
Australia
0%
Australia
0%
Australia
0%
Australia
0%
Australia
0%
Australia
0%
Australia
0%
Australia
0%
Australia
0%
Australia
0%
Australia
0%
Australia
0%
Australia
0%
Australia
0%
Australia
0%
Australia
0%
Australia
0%
Australia
0%
Australia
0%
Australia
0%
Australia
0%
Australia
0%
Australia
0%
Australia
0%
Australia
0%
Australia
0%
Australia
0%
Australia
0%
Australia
0%
Australia
0%
Australia
0%
Australia
0%
Australia
0%
Australia
0%
Australia
0%
Australia
0%
Australia
0%
Australia
0%
Australia
0%
Australia
0%
Australia
0%
Australia
0%
Australia
0%
Australia
0%
Australia
0%
Australia
0%
Australia
0%
Australia
0%
Australia
0%
Australia
0%
Australia
0%
Australia
0%
Australia
0%
Australia
0%
Australia
0%
Australia
0%
Australia
0%
Australia
0%
Australia
0%
Australia
0%
Australia
0%
Australia
0%
Australia
0%
Australia
0%
Australia
0%
Australia
0%
Australia
0%
Australia
0%
Australia
0%
Australia
0%
Australia
0%
Australia
0%
Austria
0%
Austria
0%
Austria
0%
Austria
0%
Azerbaiyán
0%
Azerbaiyán
0%
Azerbaiyán
0%
Azerbaiyán
0%
Bahamas
0%
Bahamas
0%
Bahamas
0%
Bahamas
0%
Bangladés
0%
Bangladés
0%
Bangladés
0%
Bangladés
0%
Barbados
0%
Baréin
0%
Bélgica
0%
Bélgica
0%
Belice
0%
Benín
0%
Benín
0%
Benín
0%
Benín
0%
Bielorrusia
0%
Bielorrusia
0%
Bielorrusia
0%
Bielorrusia
0%
Bielorrusia
0%
Bolivia
0%
Bolivia
0%
Bolivia
0%
Bolivia
0%
Bolivia
0%
Bolivia
0%
Bolivia
0%
Bolivia
0%
Bolivia
0%
Bolivia
0%
Bolivia
0%
Bolivia
0%
Bolivia
0%
Bolivia
0%
Bolivia
0%
Bolivia
0%
Bosnia y Herzegovina
0%
Bosnia y Herzegovina
0%
Bosnia y Herzegovina
0%
Botsuana
0%
Botsuana
0%
Botsuana
0%
Botsuana
0%
Botsuana
0%
Botsuana
0%
Botsuana
0%
Botsuana
0%
Brasil
0%
Brasil
0%
Brasil
0%
Brasil
0%
Brasil
0%
Brasil
0%
Brasil
0%
Brasil
0%
Brasil
0%
Brasil
0%
Brasil
0%
Brasil
0%
Brasil
0%
Brasil
0%
Brasil
0%
Brasil
0%
Brasil
0%
Brasil
0%
Brasil
0%
Brasil
0%
Brasil
0%
Brasil
0%
Brasil
0%
Brasil
0%
Brasil
0%
Brasil
0%
Brasil
0%
Brasil
0%
Brasil
0%
Brasil
0%
Brasil
0%
Brasil
0%
Brasil
0%
Brasil
0%
Brasil
0%
Brasil
0%
Brasil
0%
Brasil
0%
Brasil
0%
Brasil
0%
Brasil
0%
Brasil
0%
Brasil
0%
Brasil
0%
Brasil
0%
Brasil
0%
Brasil
0%
Brasil
0%
Brasil
0%
Brasil
0%
Brasil
0%
Brasil
0%
Brasil
0%
Brasil
0%
Brasil
0%
Brasil
0%
Brasil
0%
Brasil
0%
Brasil
0%
Brasil
0%
Brasil
0%
Brasil
0%
Brasil
0%
Brasil
0%
Brasil
0%
Brasil
0%
Brasil
0%
Brasil
0%
Brasil
0%
Brasil
0%
Brasil
0%
Brasil
0%
Brasil
0%
Brasil
0%
Brasil
0%
Brasil
0%
Brasil
0%
Brasil
0%
Brasil
0%
Brasil
0%
Brasil
0%
Brasil
0%
Brasil
0%
Brasil
0%
Brasil
0%
Brasil
0%
Brasil
0%
Brasil
0%
Brasil
0%
Brasil
0%
Brasil
0%
Brasil
0%
Brasil
0%
Brasil
0%
Brasil
0%
Brasil
0%
Brasil
0%
Brasil
0%
Brasil
0%
Brasil
0%
Brasil
0%
Brasil
0%
Brasil
0%
Brasil
0%
Brasil
0%
Brasil
0%
Brasil
0%
Brasil
0%
Brasil
0%
Brasil
0%
Brasil
0%
Brasil
0%
Brasil
0%
Brunéi
0%
Bulgaria
0%
Bulgaria
0%
Bulgaria
0%
Bulgaria
0%
Burkina Faso
0%
Burkina Faso
0%
Burkina Faso
0%
Burkina Faso
0%
Burkina Faso
0%
Burundi
0%
Bután
0%
Cabo Verde
0%
Cabo Verde
0%
Camboya
0%
Camboya
0%
Camboya
0%
Camerún
0%
Camerún
0%
Camerún
0%
Camerún
0%
Camerún
0%
Camerún
0%
Camerún
0%
Camerún
0%
Canadá
0%
Canadá
0%
Canadá
0%
Canadá
0%
Canadá
0%
Canadá
0%
Canadá
0%
Canadá
0%
Canadá
0%
Canadá
0%
Canadá
0%
Canadá
0%
Canadá
0%
Canadá
0%
Canadá
0%
Canadá
0%
Canadá
0%
Canadá
0%
Canadá
0%
Canadá
0%
Canadá
0%
Canadá
0%
Canadá
0%
Canadá
0%
Canadá
0%
Canadá
0%
Canadá
0%
Canadá
0%
Canadá
0%
Canadá
0%
Canadá
0%
Canadá
0%
Canadá
0%
Canadá
0%
Canadá
0%
Canadá
0%
Canadá
0%
Canadá
0%
Canadá
0%
Canadá
0%
Canadá
0%
Canadá
0%
Canadá
0%
Canadá
0%
Canadá
0%
Canadá
0%
Canadá
0%
Canadá
0%
Canadá
0%
Canadá
0%
Canadá
0%
Canadá
0%
Canadá
0%
Canadá
0%
Canadá
0%
Canadá
0%
Canadá
0%
Canadá
0%
Canadá
0%
Canadá
0%
Canadá
0%
Canadá
0%
Canadá
0%
Canadá
0%
Canadá
0%
Canadá
0%
Canadá
0%
Canadá
0%
Canadá
0%
Canadá
0%
Canadá
0%
Canadá
0%
Canadá
0%
Canadá
0%
Canadá
0%
Canadá
0%
Canadá
0%
Canadá
0%
Canadá
0%
Canadá
0%
Canadá
0%
Canadá
0%
Canadá
0%
Canadá
0%
Canadá
0%
Canadá
0%
Canadá
0%
Canadá
0%
Canadá
0%
Canadá
0%
Canadá
0%
Canadá
0%
Canadá
0%
Canadá
0%
Canadá
0%
Canadá
0%
Canadá
0%
Canadá
0%
Canadá
0%
Canadá
0%
Canadá
0%
Canadá
0%
Canadá
0%
Canadá
0%
Canadá
0%
Canadá
0%
Canadá
0%
Canadá
0%
Canadá
0%
Canadá
0%
Canadá
0%
Canadá
0%
Canadá
0%
Canadá
0%
Canadá
0%
Canadá
0%
Canadá
0%
Canadá
0%
Canadá
0%
Canadá
0%
Canadá
0%
Canadá
0%
Canadá
0%
Canadá
0%
Canadá
0%
Canadá
0%
Canadá
0%
Canadá
0%
Canadá
0%
Canadá
0%
Canadá
0%
Canadá
0%
Canadá
0%
Canadá
0%
Canadá
0%
Canadá
0%
Canadá
0%
Canadá
0%
Canadá
0%
Canadá
0%
Canadá
0%
Canadá
0%
Canadá
0%
Canadá
0%
Canadá
0%
Canadá
0%
Canadá
0%
Canadá
0%
Canadá
0%
Canadá
0%
Canadá
0%
Canadá
0%
Canadá
0%
Canadá
0%
Canadá
0%
Canadá
0%
Canadá
0%
Canadá
0%
Canadá
0%
Canadá
0%
Canadá
0%
Canadá
0%
Canadá
0%
Canadá
0%
Canadá
0%
Canadá
0%
Canadá
0%
Canadá
0%
Canadá
0%
Canadá
0%
Canadá
0%
Canadá
0%
Canadá
0%
Canadá
0%
Canadá
0%
Canadá
0%
Canadá
0%
Canadá
0%
Canadá
0%
Canadá
0%
Canadá
0%
Canadá
0%
Canadá
0%
Canadá
0%
Canadá
0%
Canadá
0%
Canadá
0%
Canadá
0%
Canadá
0%
Canadá
0%
Canadá
0%
Canadá
0%
Canadá
0%
Canadá
0%
Canadá
0%
Canadá
0%
Canadá
0%
Canadá
0%
Canadá
0%
Canadá
0%
Canadá
0%
Canadá
0%
Canadá
0%
Canadá
0%
Canadá
0%
Canadá
0%
Canadá
0%
Canadá
0%
Canadá
0%
Canadá
0%
Canadá
0%
Canadá
0%
Canadá
0%
Canadá
0%
Canadá
0%
Canadá
0%
Canadá
0%
Canadá
0%
Canadá
0%
Canadá
0%
Canadá
0%
Canadá
0%
Canadá
0%
Canadá
0%
Canadá
0%
Canadá
0%
Canadá
0%
Canadá
0%
Canadá
0%
Canadá
0%
Canadá
0%
Canadá
0%
Canadá
0%
Canadá
0%
Canadá
0%
Canadá
0%
Canadá
0%
Canadá
0%
Canadá
0%
Canadá
0%
Canadá
0%
Canadá
0%
Canadá
0%
Canadá
0%
Canadá
0%
Canadá
0%
Canadá
0%
Canadá
0%
Canadá
0%
Canadá
0%
Canadá
0%
Canadá
0%
Canadá
0%
Canadá
0%
Canadá
0%
Canadá
0%
Canadá
0%
Canadá
0%
Canadá
0%
Canadá
0%
Canadá
0%
Canadá
0%
Canadá
0%
Canadá
0%
Canadá
0%
Canadá
0%
Canadá
0%
Canadá
0%
Canadá
0%
Canadá
0%
Canadá
0%
Canadá
0%
Canadá
0%
Canadá
0%
Canadá
0%
Canadá
0%
Canadá
0%
Canadá
0%
Canadá
0%
Canadá
0%
Canadá
0%
Canadá
0%
Canadá
0%
Canadá
0%
Canadá
0%
Canadá
0%
Catar
0%
Catar
0%
Chad
0%
Chad
0%
Chad
0%
Chad
0%
Chad
0%
Chad
0%
Chad
0%
Chad
0%
Chad
0%
Chad
0%
Chad
0%
Chad
0%
Chad
0%
Chad
0%
Chad
0%
Chad
0%
Chad
0%
Chad
0%
Chad
0%
Chad
0%
Chile
0%
Chile
0%
Chile
0%
Chile
0%
Chile
0%
Chile
0%
Chile
0%
Chile
0%
Chile
0%
Chile
0%
Chile
0%
Chile
0%
Chile
0%
Chile
0%
Chile
0%
Chile
0%
China
0%
China
0%
China
0%
China
0%
China
0%
China
0%
China
0%
China
0%
China
0%
China
0%
China
0%
China
0%
China
0%
China
0%
China
0%
China
0%
China
0%
China
0%
China
0%
China
0%
China
0%
China
0%
China
0%
China
0%
China
0%
China
0%
China
0%
China
0%
China
0%
China
0%
China
0%
China
0%
China
0%
China
0%
China
0%
China
0%
China
0%
China
0%
China
0%
China
0%
China
0%
China
0%
China
0%
China
0%
China
0%
China
0%
China
0%
China
0%
China
0%
China
0%
China
0%
China
0%
China
0%
China
0%
China
0%
China
0%
China
0%
China
0%
China
0%
China
0%
China
0%
China
0%
China
0%
China
0%
China
0%
China
0%
China
0%
China
0%
China
0%
China
0%
China
0%
China
0%
China
0%
China
0%
China
0%
China
0%
China
0%
China
0%
China
0%
China
0%
China
0%
China
0%
China
0%
China
0%
China
0%
China
0%
China
0%
China
0%
China
0%
China
0%
China
0%
China
0%
China
0%
China
0%
China
0%
China
0%
China
0%
China
0%
China
0%
China
0%
China
0%
China
0%
China
0%
China
0%
China
0%
China
0%
China
0%
China
0%
China
0%
China
0%
China
0%
China
0%
China
0%
China
0%
China
0%
China
0%
China
0%
China
0%
China
0%
China
0%
China
0%
China
0%
China
0%
China
0%
China
0%
China
0%
China
0%
China
0%
China
0%
China
0%
China
0%
China
0%
China
0%
China
0%
China
0%
China
0%
China
0%
China
0%
China
0%
China
0%
China
0%
China
0%
China
0%
China
0%
China
0%
China
0%
China
0%
China
0%
China
0%
China
0%
China
0%
China
0%
China
0%
China
0%
China
0%
China
0%
China
0%
China
0%
China
0%
China
0%
China
0%
China
0%
China
0%
China
0%
China
0%
China
0%
China
0%
China
0%
Chipre
0%
Chipre
0%
Colombia
0%
Colombia
0%
Colombia
0%
Colombia
0%
Colombia
0%
Colombia
0%
Colombia
0%
Colombia
0%
Colombia
0%
Colombia
0%
Colombia
0%
Colombia
0%
Colombia
0%
Colombia
0%
Comoras
0%
Corea del Norte
0%
Corea del Norte
0%
Corea del Norte
0%
Corea del Norte
0%
Corea del Norte
0%
Corea del Norte
0%
Corea del Sur
0%
Corea del Sur
0%
Corea del Sur
0%
Corea del Sur
0%
Corea del Sur
0%
Costa de Marfil
0%
Costa de Marfil
0%
Costa de Marfil
0%
Costa de Marfil
0%
Costa de Marfil
0%
Costa de Marfil
0%
Costa Rica
0%
Costa Rica
0%
Croacia
0%
Croacia
0%
Croacia
0%
Croacia
0%
Cuba
0%
Cuba
0%
Cuba
0%
Cuba
0%
Cuba
0%
Cuba
0%
Cuba
0%
Dinamarca
0%
Dinamarca
0%
Dinamarca
0%
Dinamarca
0%
Dinamarca
0%
Dinamarca
0%
Dinamarca
0%
Dinamarca
0%
Dinamarca
0%
Dinamarca
0%
Dinamarca
0%
Dinamarca
0%
Dinamarca
0%
Dinamarca
0%
Dinamarca
0%
Dinamarca
0%
Dinamarca
0%
Dinamarca
0%
Dinamarca
0%
Dinamarca
0%
Dinamarca
0%
Dinamarca
0%
Dinamarca
0%
Dinamarca
0%
Dinamarca
0%
Dinamarca
0%
Dinamarca
0%
Dinamarca
0%
Dinamarca
0%
Dinamarca
0%
Dinamarca
0%
Dinamarca
0%
Dinamarca
0%
Dinamarca
0%
Dinamarca
0%
Dinamarca
0%
Dinamarca
0%
Dinamarca
0%
Dinamarca
0%
Dinamarca
0%
Dinamarca
0%
Dinamarca
0%
Dinamarca
0%
Dinamarca
0%
Dinamarca
0%
Dinamarca
0%
Dinamarca
0%
Dinamarca
0%
Dinamarca
0%
Dinamarca
0%
Dinamarca
0%
Dinamarca
0%
Dinamarca
0%
Dinamarca
0%
Dinamarca
0%
Dinamarca
0%
Dinamarca
0%
Dinamarca
0%
Dinamarca
0%
Dinamarca
0%
Dinamarca
0%
Dinamarca
0%
Dinamarca
0%
Dinamarca
0%
Dinamarca
0%
Dinamarca
0%
Dinamarca
0%
Dinamarca
0%
Dinamarca
0%
Dinamarca
0%
Dinamarca
0%
Dinamarca
0%
Dinamarca
0%
Dinamarca
0%
Dinamarca
0%
Dinamarca
0%
Dinamarca
0%
Dinamarca
0%
Dinamarca
0%
Dinamarca
0%
Dinamarca
0%
Dinamarca
0%
Dinamarca
0%
Dinamarca
0%
Dinamarca
0%
Dinamarca
0%
Dinamarca
0%
Dominica
0%
Ecuador
0%
Ecuador
0%
Ecuador
0%
Ecuador
0%
Ecuador
0%
Ecuador
0%
Egipto
0%
Egipto
0%
Egipto
0%
Egipto
0%
Egipto
0%
Egipto
0%
Egipto
0%
Egipto
0%
Egipto
0%
Egipto
0%
Egipto
0%
Egipto
0%
Egipto
0%
Egipto
0%
Egipto
0%
Egipto
0%
El Salvador
0%
Emiratos Árabes Unidos
0%
Emiratos Árabes Unidos
0%
Eritrea
0%
Eritrea
0%
Eritrea
0%
Eritrea
0%
Eritrea
0%
Eslovaquia
0%
Eslovaquia
0%
Eslovaquia
0%
Eslovenia
0%
Eslovenia
0%
España
0%
España
0%
España
0%
España
0%
España
0%
España
0%
España
0%
España
0%
España
0%
España
0%
España
0%
España
0%
España
0%
España
0%
España
0%
Estados Federados de Micronesia
0%
Estados Federados de Micronesia
0%
Estados Federados de Micronesia
0%
Estados Federados de Micronesia
0%
Estados Unidos
0%
Estados Unidos
0%
Estados Unidos
0%
Estados Unidos
0%
Estados Unidos
0%
Estados Unidos
0%
Estados Unidos
0%
Estados Unidos
0%
Estados Unidos
0%
Estados Unidos
0%
Estados Unidos
0%
Estados Unidos
0%
Estados Unidos
0%
Estados Unidos
0%
Estados Unidos
0%
Estados Unidos
0%
Estados Unidos
0%
Estados Unidos
0%
Estados Unidos
0%
Estados Unidos
0%
Estados Unidos
0%
Estados Unidos
0%
Estados Unidos
0%
Estados Unidos
0%
Estados Unidos
0%
Estados Unidos
0%
Estados Unidos
0%
Estados Unidos
0%
Estados Unidos
0%
Estados Unidos
0%
Estados Unidos
0%
Estados Unidos
0%
Estados Unidos
0%
Estados Unidos
0%
Estados Unidos
0%
Estados Unidos
0%
Estados Unidos
0%
Estados Unidos
0%
Estados Unidos
0%
Estados Unidos
0%
Estados Unidos
0%
Estados Unidos
0%
Estados Unidos
0%
Estados Unidos
0%
Estados Unidos
0%
Estados Unidos
0%
Estados Unidos
0%
Estados Unidos
0%
Estados Unidos
0%
Estados Unidos
0%
Estados Unidos
0%
Estados Unidos
0%
Estados Unidos
0%
Estados Unidos
0%
Estados Unidos
0%
Estados Unidos
0%
Estados Unidos
0%
Estados Unidos
0%
Estados Unidos
0%
Estados Unidos
0%
Estados Unidos
0%
Estados Unidos
0%
Estados Unidos
0%
Estados Unidos
0%
Estados Unidos
0%
Estados Unidos
0%
Estados Unidos
0%
Estados Unidos
0%
Estados Unidos
0%
Estados Unidos
0%
Estados Unidos
0%
Estados Unidos
0%
Estados Unidos
0%
Estados Unidos
0%
Estados Unidos
0%
Estados Unidos
0%
Estados Unidos
0%
Estados Unidos
0%
Estados Unidos
0%
Estados Unidos
0%
Estados Unidos
0%
Estados Unidos
0%
Estados Unidos
0%
Estados Unidos
0%
Estados Unidos
0%
Estados Unidos
0%
Estados Unidos
0%
Estados Unidos
0%
Estados Unidos
0%
Estados Unidos
0%
Estados Unidos
0%
Estados Unidos
0%
Estados Unidos
0%
Estados Unidos
0%
Estados Unidos
0%
Estados Unidos
0%
Estados Unidos
0%
Estados Unidos
0%
Estados Unidos
0%
Estados Unidos
0%
Estados Unidos
0%
Estados Unidos
0%
Estados Unidos
0%
Estados Unidos
0%
Estados Unidos
0%
Estados Unidos
0%
Estados Unidos
0%
Estados Unidos
0%
Estados Unidos
0%
Estados Unidos
0%
Estados Unidos
0%
Estados Unidos
0%
Estados Unidos
0%
Estados Unidos
0%
Estados Unidos
0%
Estados Unidos
0%
Estados Unidos
0%
Estados Unidos
0%
Estados Unidos
0%
Estados Unidos
0%
Estados Unidos
0%
Estados Unidos
0%
Estados Unidos
0%
Estados Unidos
0%
Estados Unidos
0%
Estados Unidos
0%
Estados Unidos
0%
Estados Unidos
0%
Estados Unidos
0%
Estados Unidos
0%
Estados Unidos
0%
Estados Unidos
0%
Estados Unidos
0%
Estados Unidos
0%
Estados Unidos
0%
Estados Unidos
0%
Estados Unidos
0%
Estados Unidos
0%
Estados Unidos
0%
Estados Unidos
0%
Estados Unidos
0%
Estados Unidos
0%
Estados Unidos
0%
Estados Unidos
0%
Estados Unidos
0%
Estados Unidos
0%
Estados Unidos
0%
Estados Unidos
0%
Estados Unidos
0%
Estados Unidos
0%
Estados Unidos
0%
Estados Unidos
0%
Estados Unidos
0%
Estados Unidos
0%
Estados Unidos
0%
Estados Unidos
0%
Estados Unidos
0%
Estados Unidos
0%
Estados Unidos
0%
Estados Unidos
0%
Estados Unidos
0%
Estados Unidos
0%
Estados Unidos
0%
Estados Unidos
0%
Estados Unidos
0%
Estados Unidos
0%
Estados Unidos
0%
Estados Unidos
0%
Estados Unidos
0%
Estados Unidos
0%
Estados Unidos
0%
Estados Unidos
0%
Estados Unidos
0%
Estados Unidos
0%
Estados Unidos
0%
Estados Unidos
0%
Estados Unidos
0%
Estados Unidos
0%
Estados Unidos
0%
Estados Unidos
0%
Estados Unidos
0%
Estados Unidos
0%
Estados Unidos
0%
Estados Unidos
0%
Estados Unidos
0%
Estados Unidos
0%
Estados Unidos
0%
Estados Unidos
0%
Estados Unidos
0%
Estados Unidos
0%
Estados Unidos
0%
Estados Unidos
0%
Estados Unidos
0%
Estados Unidos
0%
Estados Unidos
0%
Estados Unidos
0%
Estados Unidos
0%
Estados Unidos
0%
Estados Unidos
0%
Estados Unidos
0%
Estados Unidos
0%
Estados Unidos
0%
Estados Unidos
0%
Estados Unidos
0%
Estados Unidos
0%
Estados Unidos
0%
Estonia
0%
Estonia
0%
Estonia
0%
Etiopía
0%
Etiopía
0%
Etiopía
0%
Etiopía
0%
Etiopía
0%
Etiopía
0%
Etiopía
0%
Etiopía
0%
Etiopía
0%
Etiopía
0%
Etiopía
0%
Etiopía
0%
Etiopía
0%
Etiopía
0%
Etiopía
0%
Filipinas
0%
Filipinas
0%
Filipinas
0%
Filipinas
0%
Filipinas
0%
Filipinas
0%
Filipinas
0%
Filipinas
0%
Filipinas
0%
Filipinas
0%
Filipinas
0%
Finlandia
0%
Finlandia
0%
Finlandia
0%
Finlandia
0%
Finlandia
0%
Finlandia
0%
Finlandia
0%
Finlandia
0%
Fiyi
0%
Fiyi
0%
Fiyi
0%
Francia
0%
Francia
0%
Francia
0%
Francia
0%
Francia
0%
Francia
0%
Francia
0%
Francia
0%
Francia
0%
Francia
0%
Francia
0%
Francia
0%
Francia
0%
Francia
0%
Francia
0%
Francia
0%
Francia
0%
Francia
0%
Francia
0%
Francia
0%
Francia
0%
Francia
0%
Gabón
0%
Gabón
0%
Gabón
0%
Gabón
0%
Gabón
0%
Gambia
0%
Gambia
0%
Georgia
0%
Georgia
0%
Ghana
0%
Ghana
0%
Ghana
0%
Granada
0%
Grecia
0%
Grecia
0%
Grecia
0%
Grecia
0%
Guatemala
0%
Guatemala
0%
Guatemala
0%
Guinea
0%
Guinea
0%
Guinea
0%
Guinea
0%
Guinea
0%
Guinea-Bissau
0%
Guinea-Bissau
0%
Guinea Ecuatorial
0%
Guyana
0%
Guyana
0%
Guyana
0%
Guyana
0%
Guyana
0%
Haití
0%
Haití
0%
Haití
0%
Honduras
0%
Honduras
0%
Honduras
0%
Hungría
0%
Hungría
0%
Hungría
0%
Hungría
0%
India
0%
India
0%
India
0%
India
0%
India
0%
India
0%
India
0%
India
0%
India
0%
India
0%
India
0%
India
0%
India
0%
India
0%
India
0%
India
0%
India
0%
India
0%
India
0%
India
0%
India
0%
India
0%
India
0%
India
0%
India
0%
India
0%
India
0%
India
0%
India
0%
India
0%
India
0%
India
0%
India
0%
India
0%
India
0%
India
0%
India
0%
India
0%
India
0%
India
0%
India
0%
India
0%
India
0%
India
0%
India
0%
India
0%
India
0%
India
0%
India
0%
India
0%
India
0%
India
0%
India
0%
India
0%
India
0%
India
0%
India
0%
Indonesia
0%
Indonesia
0%
Indonesia
0%
Indonesia
0%
Indonesia
0%
Indonesia
0%
Indonesia
0%
Indonesia
0%
Indonesia
0%
Indonesia
0%
Indonesia
0%
Indonesia
0%
Indonesia
0%
Indonesia
0%
Indonesia
0%
Indonesia
0%
Indonesia
0%
Indonesia
0%
Indonesia
0%
Indonesia
0%
Indonesia
0%
Indonesia
0%
Indonesia
0%
Indonesia
0%
Indonesia
0%
Indonesia
0%
Indonesia
0%
Indonesia
0%
Indonesia
0%
Indonesia
0%
Indonesia
0%
Indonesia
0%
Indonesia
0%
Indonesia
0%
Indonesia
0%
Indonesia
0%
Indonesia
0%
Indonesia
0%
Indonesia
0%
Indonesia
0%
Indonesia
0%
Indonesia
0%
Indonesia
0%
Irak
0%
Irak
0%
Irak
0%
Irak
0%
Irak
0%
Irak
0%
Irak
0%
Irak
0%
Irak
0%
Irak
0%
Irán
0%
Irán
0%
Irán
0%
Irán
0%
Irán
0%
Irán
0%
Irán
0%
Irán
0%
Irán
0%
Irán
0%
Irán
0%
Irán
0%
Irán
0%
Irán
0%
Irán
0%
Irán
0%
Irán
0%
Irán
0%
Irán
0%
Irán
0%
Irán
0%
Irán
0%
Irán
0%
Irán
0%
Irán
0%
Irán
0%
Irán
0%
Irán
0%
Irán
0%
Irán
0%
Irán
0%
Irlanda
0%
Irlanda
0%
Irlanda
0%
Islandia
0%
Islandia
0%
Islandia
0%
Islandia
0%
Islandia
0%
Islandia
0%
Islas Marshall
0%
Islas Marshall
0%
Islas Marshall
0%
Islas Salomón
0%
Islas Salomón
0%
Islas Salomón
0%
Islas Salomón
0%
Islas Salomón
0%
Islas Salomón
0%
Islas Salomón
0%
Islas Salomón
0%
Israel
0%
Israel
0%
Israel
0%
Italia
0%
Italia
0%
Italia
0%
Italia
0%
Italia
0%
Italia
0%
Italia
0%
Italia
0%
Italia
0%
Jamaica
0%
Jamaica
0%
Japón
0%
Japón
0%
Japón
0%
Japón
0%
Japón
0%
Japón
0%
Japón
0%
Japón
0%
Japón
0%
Japón
0%
Japón
0%
Japón
0%
Japón
0%
Jordania
0%
Jordania
0%
Kazajistán
0%
Kazajistán
0%
Kazajistán
0%
Kazajistán
0%
Kazajistán
0%
Kazajistán
0%
Kazajistán
0%
Kazajistán
0%
Kazajistán
0%
Kazajistán
0%
Kazajistán
0%
Kazajistán
0%
Kazajistán
0%
Kazajistán
0%
Kazajistán
0%
Kazajistán
0%
Kazajistán
0%
Kazajistán
0%
Kazajistán
0%
Kazajistán
0%
Kazajistán
0%
Kazajistán
0%
Kazajistán
0%
Kazajistán
0%
Kazajistán
0%
Kazajistán
0%
Kazajistán
0%
Kazajistán
0%
Kazajistán
0%
Kazajistán
0%
Kazajistán
0%
Kazajistán
0%
Kazajistán
0%
Kazajistán
0%
Kazajistán
0%
Kazajistán
0%
Kazajistán
0%
Kazajistán
0%
Kazajistán
0%
Kazajistán
0%
Kazajistán
0%
Kazajistán
0%
Kazajistán
0%
Kazajistán
0%
Kazajistán
0%
Kazajistán
0%
Kazajistán
0%
Kazajistán
0%
Kazajistán
0%
Kazajistán
0%
Kazajistán
0%
Kazajistán
0%
Kazajistán
0%
Kazajistán
0%
Kazajistán
0%
Kazajistán
0%
Kazajistán
0%
Kazajistán
0%
Kazajistán
0%
Kazajistán
0%
Kazajistán
0%
Kazajistán
0%
Kazajistán
0%
Kazajistán
0%
Kazajistán
0%
Kenia
0%
Kenia
0%
Kenia
0%
Kenia
0%
Kenia
0%
Kenia
0%
Kenia
0%
Kenia
0%
Kenia
0%
Kenia
0%
Kenia
0%
Kirguistán
0%
Kirguistán
0%
Kirguistán
0%
Kirguistán
0%
Kirguistán
0%
Kirguistán
0%
Kiribati
0%
Kiribati
0%
Kiribati
0%
Kiribati
0%
Kosovo
0%
Kuwait
0%
Laos
0%
Laos
0%
Laos
0%
Laos
0%
Laos
0%
Laos
0%
Lesoto
0%
Letonia
0%
Letonia
0%
Líbano
0%
Liberia
0%
Liberia
0%
Libia
0%
Libia
0%
Libia
0%
Libia
0%
Libia
0%
Libia
0%
Libia
0%
Libia
0%
Libia
0%
Libia
0%
Libia
0%
Libia
0%
Libia
0%
Libia
0%
Libia
0%
Libia
0%
Libia
0%
Libia
0%
Libia
0%
Libia
0%
Libia
0%
Libia
0%
Libia
0%
Libia
0%
Libia
0%
Liechtenstein
0%
Lituania
0%
Lituania
0%
Lituania
0%
Luxemburgo
0%
Macedonia del Norte
0%
Madagascar
0%
Madagascar
0%
Madagascar
0%
Madagascar
0%
Madagascar
0%
Madagascar
0%
Madagascar
0%
Madagascar
0%
Madagascar
0%
Malasia
0%
Malasia
0%
Malasia
0%
Malasia
0%
Malasia
0%
Malaui
0%
Malaui
0%
Malaui
0%
Malí
0%
Malí
0%
Malí
0%
Malí
0%
Malí
0%
Malí
0%
Malí
0%
Malí
0%
Malí
0%
Malí
0%
Malí
0%
Malí
0%
Malí
0%
Malí
0%
Malí
0%
Malí
0%
Malí
0%
Malí
0%
Malí
0%
Malí
0%
Malí
0%
Malta
0%
Marruecos
0%
Marruecos
0%
Marruecos
0%
Marruecos
0%
Marruecos
0%
Marruecos
0%
Marruecos
0%
Marruecos
0%
Marruecos
0%
Marruecos
0%
Marruecos
0%
Mauricio
0%
Mauritania
0%
Mauritania
0%
Mauritania
0%
Mauritania
0%
Mauritania
0%
Mauritania
0%
Mauritania
0%
Mauritania
0%
Mauritania
0%
Mauritania
0%
Mauritania
0%
Mauritania
0%
Mauritania
0%
Mauritania
0%
Mauritania
0%
Mauritania
0%
Mauritania
0%
Mauritania
0%
Mauritania
0%
México
0%
México
0%
México
0%
México
0%
México
0%
México
0%
México
0%
México
0%
México
0%
México
0%
México
0%
México
0%
México
0%
México
0%
México
0%
México
0%
México
0%
México
0%
México
0%
México
0%
México
0%
México
0%
México
0%
México
0%
México
0%
México
0%
México
0%
México
0%
México
0%
México
0%
México
0%
México
0%
México
0%
México
0%
México
0%
México
0%
México
0%
México
0%
México
0%
Moldavia
0%
Moldavia
0%
Moldavia
0%
Mongolia
0%
Mongolia
0%
Mongolia
0%
Mongolia
0%
Mongolia
0%
Mongolia
0%
Mongolia
0%
Mongolia
0%
Mongolia
0%
Mongolia
0%
Mongolia
0%
Mongolia
0%
Mongolia
0%
Mongolia
0%
Mongolia
0%
Mongolia
0%
Mongolia
0%
Mongolia
0%
Mongolia
0%
Mongolia
0%
Mongolia
0%
Mongolia
0%
Mongolia
0%
Mongolia
0%
Mongolia
0%
Mongolia
0%
Mongolia
0%
Mongolia
0%
Mongolia
0%
Mongolia
0%
Montenegro
0%
Mozambique
0%
Mozambique
0%
Mozambique
0%
Mozambique
0%
Mozambique
0%
Mozambique
0%
Mozambique
0%
Mozambique
0%
Mozambique
0%
Mozambique
0%
Mozambique
0%
Mozambique
0%
Mozambique
0%
Myanmar
0%
Myanmar
0%
Myanmar
0%
Myanmar
0%
Myanmar
0%
Myanmar
0%
Myanmar
0%
Myanmar
0%
Myanmar
0%
Myanmar
0%
Myanmar
0%
Myanmar
0%
Myanmar
0%
Myanmar
0%
Namibia
0%
Namibia
0%
Namibia
0%
Namibia
0%
Namibia
0%
Namibia
0%
Namibia
0%
Namibia
0%
Namibia
0%
Namibia
0%
Namibia
0%
Namibia
0%
Namibia
0%
Namibia
0%
Nauru
0%
Nepal
0%
Nepal
0%
Nepal
0%
Nepal
0%
Nicaragua
0%
Nicaragua
0%
Nicaragua
0%
Níger
0%
Níger
0%
Níger
0%
Níger
0%
Níger
0%
Níger
0%
Níger
0%
Níger
0%
Níger
0%
Níger
0%
Níger
0%
Níger
0%
Níger
0%
Níger
0%
Níger
0%
Níger
0%
Níger
0%
Níger
0%
Nigeria
0%
Nigeria
0%
Nigeria
0%
Nigeria
0%
Nigeria
0%
Nigeria
0%
Nigeria
0%
Nigeria
0%
Nigeria
0%
Nigeria
0%
Nigeria
0%
Nigeria
0%
Nigeria
0%
Nigeria
0%
Nigeria
0%
Nigeria
0%
Noruega
0%
Noruega
0%
Noruega
0%
Noruega
0%
Noruega
0%
Noruega
0%
Noruega
0%
Noruega
0%
Noruega
0%
Noruega
0%
Noruega
0%
Noruega
0%
Noruega
0%
Noruega
0%
Nueva Zelanda
0%
Nueva Zelanda
0%
Nueva Zelanda
0%
Nueva Zelanda
0%
Nueva Zelanda
0%
Nueva Zelanda
0%
Nueva Zelanda
0%
Nueva Zelanda
0%
Nueva Zelanda
0%
Nueva Zelanda
0%
Omán
0%
Omán
0%
Omán
0%
Omán
0%
Omán
0%
Omán
0%
Omán
0%
Omán
0%
Omán
0%
Países Bajos
0%
Países Bajos
0%
Países Bajos
0%
Países Bajos
0%
Países Bajos
0%
Pakistán
0%
Pakistán
0%
Pakistán
0%
Pakistán
0%
Pakistán
0%
Pakistán
0%
Pakistán
0%
Pakistán
0%
Pakistán
0%
Pakistán
0%
Pakistán
0%
Pakistán
0%
Pakistán
0%
Pakistán
0%
Pakistán
0%
Pakistán
0%
Pakistán
0%
Palaos
0%
Palaos
0%
Panamá
0%
Panamá
0%
Panamá
0%
Papua Nueva Guinea
0%
Papua Nueva Guinea
0%
Papua Nueva Guinea
0%
Papua Nueva Guinea
0%
Papua Nueva Guinea
0%
Papua Nueva Guinea
0%
Papua Nueva Guinea
0%
Papua Nueva Guinea
0%
Papua Nueva Guinea
0%
Papua Nueva Guinea
0%
Papua Nueva Guinea
0%
Papua Nueva Guinea
0%
Papua Nueva Guinea
0%
Papua Nueva Guinea
0%
Paraguay
0%
Paraguay
0%
Paraguay
0%
Paraguay
0%
Paraguay
0%
Paraguay
0%
Paraguay
0%
Paraguay
0%
Paraguay
0%
Paraguay
0%
Perú
0%
Perú
0%
Perú
0%
Perú
0%
Perú
0%
Perú
0%
Perú
0%
Perú
0%
Perú
0%
Perú
0%
Perú
0%
Perú
0%
Perú
0%
Perú
0%
Perú
0%
Perú
0%
Perú
0%
Polonia
0%
Polonia
0%
Polonia
0%
Polonia
0%
Polonia
0%
Polonia
0%
Polonia
0%
Polonia
0%
Polonia
0%
Polonia
0%
Polonia
0%
Polonia
0%
Portugal
0%
Portugal
0%
Portugal
0%
Portugal
0%
Portugal
0%
Reino Unido
0%
Reino Unido
0%
Reino Unido
0%
Reino Unido
0%
Reino Unido
0%
Reino Unido
0%
Reino Unido
0%
Reino Unido
0%
Reino Unido
0%
Reino Unido
0%
Reino Unido
0%
Reino Unido
0%
Reino Unido
0%
Reino Unido
0%
Reino Unido
0%
República Centroafricana
0%
República Centroafricana
0%
República Centroafricana
0%
República Centroafricana
0%
República Centroafricana
0%
República Centroafricana
0%
República Centroafricana
0%
República Centroafricana
0%
República Centroafricana
0%
República Centroafricana
0%
República Centroafricana
0%
República Checa
0%
República Checa
0%
República Checa
0%
República Checa
0%
República del Congo
0%
República del Congo
0%
República del Congo
0%
República del Congo
0%
República del Congo
0%
República del Congo
0%
República Democrática del Congo
0%
República Democrática del Congo
0%
República Democrática del Congo
0%
República Democrática del Congo
0%
República Democrática del Congo
0%
República Democrática del Congo
0%
República Democrática del Congo
0%
República Democrática del Congo
0%
República Democrática del Congo
0%
República Democrática del Congo
0%
República Democrática del Congo
0%
República Democrática del Congo
0%
República Democrática del Congo
0%
República Democrática del Congo
0%
República Democrática del Congo
0%
República Democrática del Congo
0%
República Democrática del Congo
0%
República Democrática del Congo
0%
República Democrática del Congo
0%
República Democrática del Congo
0%
República Democrática del Congo
0%
República Democrática del Congo
0%
República Democrática del Congo
0%
República Democrática del Congo
0%
República Democrática del Congo
0%
República Democrática del Congo
0%
República Democrática del Congo
0%
República Democrática del Congo
0%
República Democrática del Congo
0%
República Democrática del Congo
0%
República Democrática del Congo
0%
República Dominicana
0%
República Dominicana
0%
Ruanda
0%
Rumania
0%
Rumania
0%
Rumania
0%
Rumania
0%
Rumania
0%
Rumania
0%
Rusia
0%
Rusia
0%
Rusia
0%
Rusia
0%
Rusia
0%
Rusia
0%
Rusia
0%
Rusia
0%
Rusia
0%
Rusia
0%
Rusia
0%
Rusia
0%
Rusia
0%
Rusia
0%
Rusia
0%
Rusia
0%
Rusia
0%
Rusia
0%
Rusia
0%
Rusia
0%
Rusia
0%
Rusia
0%
Rusia
0%
Rusia
0%
Rusia
0%
Rusia
0%
Rusia
0%
Rusia
0%
Rusia
0%
Rusia
0%
Rusia
0%
Rusia
0%
Rusia
0%
Rusia
0%
Rusia
0%
Rusia
0%
Rusia
0%
Rusia
0%
Rusia
0%
Rusia
0%
Rusia
0%
Rusia
0%
Rusia
0%
Rusia
0%
Rusia
0%
Rusia
0%
Rusia
0%
Rusia
0%
Rusia
0%
Rusia
0%
Rusia
0%
Rusia
0%
Rusia
0%
Rusia
0%
Rusia
0%
Rusia
0%
Rusia
0%
Rusia
0%
Rusia
0%
Rusia
0%
Rusia
0%
Rusia
0%
Rusia
0%
Rusia
0%
Rusia
0%
Rusia
0%
Rusia
0%
Rusia
0%
Rusia
0%
Rusia
0%
Rusia
0%
Rusia
0%
Rusia
0%
Rusia
0%
Rusia
0%
Rusia
0%
Rusia
0%
Rusia
0%
Rusia
0%
Rusia
0%
Rusia
0%
Rusia
0%
Rusia
0%
Rusia
0%
Rusia
0%
Rusia
0%
Rusia
0%
Rusia
0%
Rusia
0%
Rusia
0%
Rusia
0%
Rusia
0%
Rusia
0%
Rusia
0%
Rusia
0%
Rusia
0%
Rusia
0%
Rusia
0%
Rusia
0%
Rusia
0%
Rusia
0%
Rusia
0%
Rusia
0%
Rusia
0%
Rusia
0%
Rusia
0%
Rusia
0%
Rusia
0%
Rusia
0%
Rusia
0%
Rusia
0%
Rusia
0%
Rusia
0%
Rusia
0%
Rusia
0%
Rusia
0%
Rusia
0%
Rusia
0%
Rusia
0%
Rusia
0%
Rusia
0%
Rusia
0%
Rusia
0%
Rusia
0%
Rusia
0%
Rusia
0%
Rusia
0%
Rusia
0%
Rusia
0%
Rusia
0%
Rusia
0%
Rusia
0%
Rusia
0%
Rusia
0%
Rusia
0%
Rusia
0%
Rusia
0%
Rusia
0%
Rusia
0%
Rusia
0%
Rusia
0%
Rusia
0%
Rusia
0%
Rusia
0%
Rusia
0%
Rusia
0%
Rusia
0%
Rusia
0%
Rusia
0%
Rusia
0%
Rusia
0%
Rusia
0%
Rusia
0%
Rusia
0%
Rusia
0%
Rusia
0%
Rusia
0%
Rusia
0%
Rusia
0%
Rusia
0%
Rusia
0%
Rusia
0%
Rusia
0%
Rusia
0%
Rusia
0%
Rusia
0%
Rusia
0%
Rusia
0%
Rusia
0%
Rusia
0%
Rusia
0%
Rusia
0%
Rusia
0%
Rusia
0%
Rusia
0%
Rusia
0%
Rusia
0%
Rusia
0%
Rusia
0%
Rusia
0%
Rusia
0%
Rusia
0%
Rusia
0%
Rusia
0%
Rusia
0%
Rusia
0%
Rusia
0%
Rusia
0%
Rusia
0%
Rusia
0%
Rusia
0%
Rusia
0%
Rusia
0%
Rusia
0%
Rusia
0%
Rusia
0%
Rusia
0%
Rusia
0%
Rusia
0%
Rusia
0%
Rusia
0%
Rusia
0%
Rusia
0%
Rusia
0%
Rusia
0%
Rusia
0%
Rusia
0%
Rusia
0%
Rusia
0%
Rusia
0%
Rusia
0%
Rusia
0%
Rusia
0%
Rusia
0%
Rusia
0%
Rusia
0%
Rusia
0%
Rusia
0%
Rusia
0%
Rusia
0%
Rusia
0%
Rusia
0%
Rusia
0%
Rusia
0%
Rusia
0%
Rusia
0%
Rusia
0%
Rusia
0%
Rusia
0%
Rusia
0%
Rusia
0%
Rusia
0%
Rusia
0%
Rusia
0%
Rusia
0%
Rusia
0%
Rusia
0%
Rusia
0%
Rusia
0%
Rusia
0%
Rusia
0%
Rusia
0%
Rusia
0%
Rusia
0%
Rusia
0%
Rusia
0%
Rusia
0%
Rusia
0%
Rusia
0%
Rusia
0%
Rusia
0%
Rusia
0%
Rusia
0%
Rusia
0%
Rusia
0%
Rusia
0%
Rusia
0%
Rusia
0%
Rusia
0%
Rusia
0%
Rusia
0%
Rusia
0%
Rusia
0%
Rusia
0%
Rusia
0%
Rusia
0%
Rusia
0%
Rusia
0%
Rusia
0%
Rusia
0%
Rusia
0%
Rusia
0%
Rusia
0%
Rusia
0%
Rusia
0%
Rusia
0%
Rusia
0%
Rusia
0%
Rusia
0%
Rusia
0%
Rusia
0%
Rusia
0%
Rusia
0%
Rusia
0%
Rusia
0%
Rusia
0%
Rusia
0%
Rusia
0%
Rusia
0%
Rusia
0%
Rusia
0%
Rusia
0%
Rusia
0%
Rusia
0%
Rusia
0%
Rusia
0%
Rusia
0%
Rusia
0%
Rusia
0%
Rusia
0%
Rusia
0%
Rusia
0%
Rusia
0%
Rusia
0%
Rusia
0%
Rusia
0%
Rusia
0%
Rusia
0%
Rusia
0%
Rusia
0%
Rusia
0%
Rusia
0%
Rusia
0%
Rusia
0%
Rusia
0%
Rusia
0%
Rusia
0%
Rusia
0%
Rusia
0%
Rusia
0%
Rusia
0%
Rusia
0%
Rusia
0%
Rusia
0%
Rusia
0%
Rusia
0%
Rusia
0%
Rusia
0%
Rusia
0%
Rusia
0%
Rusia
0%
Rusia
0%
Rusia
0%
Rusia
0%
Rusia
0%
Rusia
0%
Rusia
0%
Rusia
0%
Rusia
0%
Rusia
0%
Rusia
0%
Rusia
0%
Rusia
0%
Rusia
0%
Rusia
0%
Rusia
0%
Rusia
0%
Rusia
0%
Rusia
0%
Rusia
0%
Rusia
0%
Rusia
0%
Rusia
0%
Rusia
0%
Rusia
0%
Rusia
0%
Rusia
0%
Rusia
0%
Rusia
0%
Rusia
0%
Rusia
0%
Rusia
0%
Rusia
0%
Rusia
0%
Rusia
0%
Rusia
0%
Rusia
0%
Rusia
0%
Rusia
0%
Rusia
0%
Rusia
0%
Rusia
0%
Rusia
0%
Rusia
0%
Rusia
0%
Rusia
0%
Rusia
0%
Rusia
0%
Rusia
0%
Rusia
0%
Rusia
0%
Rusia
0%
Rusia
0%
Rusia
0%
Rusia
0%
Rusia
0%
Rusia
0%
Rusia
0%
Rusia
0%
Rusia
0%
Rusia
0%
Rusia
0%
Rusia
0%
Rusia
0%
Rusia
0%
Rusia
0%
Rusia
0%
Rusia
0%
Rusia
0%
Rusia
0%
Rusia
0%
Rusia
0%
Rusia
0%
Rusia
0%
Rusia
0%
Rusia
0%
Rusia
0%
Rusia
0%
Rusia
0%
Rusia
0%
Rusia
0%
Rusia
0%
Rusia
0%
Rusia
0%
Rusia
0%
Rusia
0%
Rusia
0%
Rusia
0%
Rusia
0%
Rusia
0%
Rusia
0%
Rusia
0%
Rusia
0%
Rusia
0%
Rusia
0%
Rusia
0%
Rusia
0%
Rusia
0%
Rusia
0%
Rusia
0%
Rusia
0%
Rusia
0%
Rusia
0%
Rusia
0%
Rusia
0%
Rusia
0%
Rusia
0%
Rusia
0%
Rusia
0%
Rusia
0%
Rusia
0%
Rusia
0%
Rusia
0%
Rusia
0%
Rusia
0%
Rusia
0%
Rusia
0%
Rusia
0%
Rusia
0%
Rusia
0%
Rusia
0%
Rusia
0%
Rusia
0%
Rusia
0%
Rusia
0%
Rusia
0%
Rusia
0%
Rusia
0%
Rusia
0%
Rusia
0%
Rusia
0%
Rusia
0%
Rusia
0%
Rusia
0%
Rusia
0%
Rusia
0%
Rusia
0%
Rusia
0%
Rusia
0%
Rusia
0%
Rusia
0%
Rusia
0%
Rusia
0%
Rusia
0%
Rusia
0%
Rusia
0%
Rusia
0%
Rusia
0%
Rusia
0%
Rusia
0%
Rusia
0%
Samoa
0%
San Cristóbal y Nieves
0%
San Marino
0%
Santa Lucía
0%
Santo Tomé y Príncipe
0%
Santo Tomé y Príncipe
0%
San Vicente y las Granadinas
0%
Senegal
0%
Senegal
0%
Senegal
0%
Senegal
0%
Serbia
0%
Serbia
0%
Seychelles
0%
Sierra Leona
0%
Sierra Leona
0%
Singapur
0%
Siria
0%
Siria
0%
Siria
0%
Siria
0%
Siria
0%
Somalia
0%
Somalia
0%
Somalia
0%
Somalia
0%
Somalia
0%
Somalia
0%
Somalia
0%
Somalia
0%
Somalia
0%
Somalia
0%
Somalia
0%
Somalia
0%
Somalia
0%
Sri Lanka
0%
Suazilandia
0%
Sudáfrica
0%
Sudáfrica
0%
Sudáfrica
0%
Sudáfrica
0%
Sudáfrica
0%
Sudáfrica
0%
Sudáfrica
0%
Sudáfrica
0%
Sudáfrica
0%
Sudáfrica
0%
Sudáfrica
0%
Sudáfrica
0%
Sudáfrica
0%
Sudáfrica
0%
Sudáfrica
0%
Sudáfrica
0%
Sudáfrica
0%
Sudáfrica
0%
Sudáfrica
0%
Sudáfrica
0%
Sudán
0%
Sudán
0%
Sudán
0%
Sudán
0%
Sudán
0%
Sudán
0%
Sudán
0%
Sudán
0%
Sudán
0%
Sudán
0%
Sudán
0%
Sudán
0%
Sudán
0%
Sudán
0%
Sudán
0%
Sudán
0%
Sudán
0%
Sudán
0%
Sudán
0%
Sudán
0%
Sudán
0%
Sudán
0%
Sudán
0%
Sudán
0%
Sudán
0%
Sudán
0%
Sudán
0%
Sudán
0%
Sudán
0%
Sudán
0%
Sudán
0%
Sudán del Sur
0%
Sudán del Sur
0%
Sudán del Sur
0%
Sudán del Sur
0%
Sudán del Sur
0%
Sudán del Sur
0%
Sudán del Sur
0%
Sudán del Sur
0%
Sudán del Sur
0%
Sudán del Sur
0%
Suecia
0%
Suecia
0%
Suecia
0%
Suecia
0%
Suecia
0%
Suecia
0%
Suecia
0%
Suecia
0%
Suecia
0%
Suecia
0%
Suecia
0%
Suecia
0%
Suecia
0%
Suiza
0%
Suiza
0%
Suiza
0%
Surinam
0%
Surinam
0%
Surinam
0%
Tailandia
0%
Tailandia
0%
Tailandia
0%
Tailandia
0%
Tailandia
0%
Tailandia
0%
Tailandia
0%
Tailandia
0%
Tailandia
0%
Tailandia
0%
Tailandia
0%
Tailandia
0%
Tailandia
0%
Taiwán
0%
Taiwán
0%
Taiwán
0%
Tanzania
0%
Tanzania
0%
Tanzania
0%
Tanzania
0%
Tanzania
0%
Tanzania
0%
Tanzania
0%
Tanzania
0%
Tanzania
0%
Tanzania
0%
Tanzania
0%
Tanzania
0%
Tanzania
0%
Tanzania
0%
Tanzania
0%
Tanzania
0%
Tanzania
0%
Tayikistán
0%
Tayikistán
0%
Tayikistán
0%
Tayikistán
0%
Tayikistán
0%
Timor Oriental
0%
Timor Oriental
0%
Togo
0%
Togo
0%
Togo
0%
Tonga
0%
Trinidad y Tobago
0%
Trinidad y Tobago
0%
Túnez
0%
Túnez
0%
Túnez
0%
Túnez
0%
Túnez
0%
Turkmenistán
0%
Turkmenistán
0%
Turkmenistán
0%
Turkmenistán
0%
Turkmenistán
0%
Turkmenistán
0%
Turkmenistán
0%
Turkmenistán
0%
Turkmenistán
0%
Turkmenistán
0%
Turkmenistán
0%
Turkmenistán
0%
Turkmenistán
0%
Turquía
0%
Turquía
0%
Turquía
0%
Turquía
0%
Turquía
0%
Turquía
0%
Turquía
0%
Turquía
0%
Turquía
0%
Turquía
0%
Turquía
0%
Turquía
0%
Turquía
0%
Turquía
0%
Turquía
0%
Turquía
0%
Turquía
0%
Turquía
0%
Turquía
0%
Tuvalu
0%
Ucrania
0%
Ucrania
0%
Ucrania
0%
Ucrania
0%
Ucrania
0%
Ucrania
0%
Ucrania
0%
Ucrania
0%
Ucrania
0%
Ucrania
0%
Ucrania
0%
Ucrania
0%
Ucrania
0%
Ucrania
0%
Ucrania
0%
Uganda
0%
Uganda
0%
Uganda
0%
Uganda
0%
Uganda
0%
Uruguay
0%
Uruguay
0%
Uruguay
0%
Uzbekistán
0%
Uzbekistán
0%
Uzbekistán
0%
Uzbekistán
0%
Uzbekistán
0%
Uzbekistán
0%
Uzbekistán
0%
Uzbekistán
0%
Uzbekistán
0%
Uzbekistán
0%
Uzbekistán
0%
Uzbekistán
0%
Vanuatu
0%
Vanuatu
0%
Vanuatu
0%
Vanuatu
0%
Vanuatu
0%
Venezuela
0%
Venezuela
0%
Venezuela
0%
Venezuela
0%
Venezuela
0%
Venezuela
0%
Venezuela
0%
Venezuela
0%
Venezuela
0%
Venezuela
0%
Venezuela
0%
Venezuela
0%
Venezuela
0%
Venezuela
0%
Venezuela
0%
Venezuela
0%
Vietnam
0%
Vietnam
0%
Vietnam
0%
Vietnam
0%
Vietnam
0%
Vietnam
0%
Vietnam
0%
Vietnam
0%
Vietnam
0%
Yemen
0%
Yemen
0%
Yemen
0%
Yemen
0%
Yemen
0%
Yemen
0%
Yemen
0%
Yemen
0%
Yibuti
0%
Zambia
0%
Zambia
0%
Zambia
0%
Zambia
0%
Zambia
0%
Zambia
0%
Zambia
0%
Zambia
0%
Zambia
0%
Zambia
0%
Zambia
0%
Zimbabue
0%
Zimbabue
0%
Zimbabue
0%
Zimbabue
0%
Zimbabue
0%
Zimbabue
0%
Zimbabue
0%
No se encontraron pruebas coincidentes
Distribución de puntuación
Porcentaje de gente con cada puntuación
Porcentaje por número respondido
Historial de tus puntuaciones
No has intentado esta prueba.